| Tag |
First Indicator |
Second Indicator |
Subfields |
| LEADER |
00000cam a2200000 i 4500 |
| 001 |
in00004792149 |
| 003 |
OCoLC |
| 005 |
20240711145402.1 |
| 008 |
240417t20242024enk b 000 0 eng d |
| 035 |
|
|
|a (OCoLC)1430292332
|
| 040 |
|
|
|a YDX
|e rda
|c YDX
|d COO
|d BWK
|
| 020 |
|
|
|a 1036402975
|q hardcover
|
| 020 |
|
|
|a 9781036402976
|q hardcover
|
| 050 |
|
4 |
|a PN849.G74
|b C75 2024
|
| 082 |
0 |
|
|a 820.9/358
|2 23/eng/20240522
|
| 245 |
0 |
0 |
|a Critical perspectives on resistance in 21-st century British literature /
|c edited by Nilay Erdem Ayyildiz.
|
| 264 |
|
1 |
|a Newcastle upon Tyne, UK :
|b Cambridge Scholars Publishing,
|c [2024].
|
| 264 |
|
4 |
|c ©2024.
|
| 300 |
|
|
|a ix, 204 pages ;
|c 22 cm.
|
| 336 |
|
|
|a text
|b txt
|2 rdacontent
|
| 337 |
|
|
|a unmediated
|b n
|2 rdamedia
|
| 338 |
|
|
|a volume
|b nc
|2 rdacarrier
|
| 504 |
|
|
|a Includes bibliographical references.
|
| 520 |
|
|
|a This book sets out on an intellectual journey, with each chapter acting as a unique compass to lead the reader through the critical perspectives on resistance waiting to be discovered in 21st-century British literature. As such, the book appeals to general readers, including undergraduates, researchers, professionals and anyone who is interested in cultural studies, literary studies, the humanities and sociology, particularly resistance and discourse studies.
|
| 650 |
|
0 |
|a British literature
|x History and criticism
|y 21st century.
|
| 650 |
|
0 |
|a Resistance (Philosophy) in literature.
|
| 700 |
1 |
|
|a Ayyildiz, Nilay Erdem,
|e editor.
|
| 945 |
|
|
|b 87629
|
| 947 |
|
|
|a A14852493841
|
| 948 |
|
|
|a dmitchel 7/11/24 9.50.30
|
| 980 |
|
|
|b print
|c 40032294819
|f NONFIC/B
|g 565714
|k USD
|m 79.96
|q 1
|s AcqMono Conventional
|t Approval plan
|u Vendor order reference number
|v ZYBP
|y Print approval
|z Physical resource
|
| 999 |
f |
f |
|i 845d02d5-bc0a-4002-86e5-91188ccf7a94
|s 11f46b6b-2687-4450-b8a0-a63802b1b831
|t 0
|
| 952 |
f |
f |
|p normal
|a Texas A&M University
|b College Station
|c Sterling C. Evans Library
|d Evans: Library Stacks
|t 0
|e PN849.G74 C75 2024
|h Library of Congress classification
|i unmediated -- volume
|m A14852493841
|
| 998 |
f |
f |
|a PN849.G74 C75 2024
|t 0
|l Evans: Library Stacks
|